[Event "Pardubice Open A"]
[Site "?"]
[Date "2015.07.29"]
[Round "6.72"]
[White "KOZUSEK, Daniel"]
[Black "KRATOCHVIL, Josef"]
[Result "1-0"]
[WhiteElo "2346"]
[BlackElo "2214"]
[PlyCount "77"]
[EventDate "2015.??.??"]
[WhiteClock "0:03:36"]
[BlackClock "0:02:14"]

1. d4 g6 2. e4 Bg7 3. Nc3 c5 4. dxc5 Qa5 5. Bd2 Qxc5 6. Nd5 Na6 7. Nf3 e6 8.
Bc3 Bxc3+ 9. Nxc3 Ne7 10. Qd2 O-O 11. e5 Qa5 12. O-O-O Nb4 13. Kb1 Kg7 14. Bc4
b5 15. Bb3 Nbc6 16. Qg5 f6 17. exf6+ Rxf6 18. h4 Rf5 19. Qe3 Qb6 20. Qd2 h5 21.
Ne4 b4 22. Nd6 Rd5 23. Qf4 Rxd6 24. Qxd6 Nf5 25. Qd2 a5 26. Bc4 a4 27. Rdg1 d5
28. Bd3 e5 29. g4 hxg4 30. Rxg4 e4 31. h5 Nce7 32. hxg6 exd3 33. cxd3 b3 34.
Qc3+ d4 35. Nxd4 Nxd4 36. Rxd4 Qf6 37. Rd6 bxa2+ 38. Ka1 Be6 39. Rxe6 1-0

[Event "Pardubice Open A"]
[Site "?"]
[Date "2015.07.29"]
[Round "6.73"]
[White "MEJAK, Severin"]
[Black "KRENSING, Jan"]
[Result "1/2-1/2"]
[WhiteElo "2235"]
[BlackElo "2344"]
[PlyCount "65"]
[EventDate "2015.??.??"]
[WhiteClock "0:04:45"]
[BlackClock "0:01:34"]

1. d4 Nf6 2. c4 e6 3. g3 Bb4+ 4. Nd2 c5 5. a3 Bxd2+ 6. Qxd2 cxd4 7. Nf3 d5 8.
cxd5 Qxd5 9. Qxd4 Nc6 10. Qxd5 Nxd5 11. Bg2 b6 12. O-O Ba6 13. Re1 O-O 14. b4
Rac8 15. Bb2 Nce7 16. Nd4 e5 17. Nf5 Nxf5 18. Bxd5 Rfd8 19. Be4 Nd6 20. Bb1 Nc4
21. Bc1 Nd2 22. Bf5 Rc6 23. Bb2 g6 24. Bh3 f6 25. Rac1 Rxc1 26. Rxc1 Bxe2 27.
f4 Bc4 28. fxe5 fxe5 29. Bg2 e4 30. Bf6 Rd6 31. Be5 Rd7 32. Bf4 Bb5 33. Bxd2
1/2-1/2

[Event "Pardubice Open A"]
[Site "?"]
[Date "2015.07.29"]
[Round "6.74"]
[White "DORST, Johannes"]
[Black "RUFF, Maximilian"]
[Result "1-0"]
[WhiteElo "2207"]
[BlackElo "2336"]
[PlyCount "119"]
[EventDate "2015.??.??"]
[WhiteClock "0:10:57"]
[BlackClock "0:07:26"]

1. e4 c5 2. Nf3 e6 3. d4 cxd4 4. Nxd4 a6 5. Nc3 Qc7 6. Bd3 Nc6 7. Nxc6 dxc6 8.
O-O Nf6 9. f4 e5 10. Kh1 Bc5 11. f5 h5 12. Qf3 Ng4 13. Nd1 Bd7 14. Ne3 O-O-O
15. Nxg4 hxg4 16. Qxg4 g6 17. h3 Rdg8 18. Qf3 gxf5 19. exf5 Rh4 20. Be4 Qb6 21.
Bd2 Qxb2 22. Bc3 Qa3 23. Rfe1 f6 24. Rad1 Qxa2 25. Qd3 Qf7 26. Ra1 Qh7 27. Rf1
Rgg4 28. Rae1 Rf4 29. Rxf4 Rxf4 30. Ba5 Bd4 31. c3 Rxe4 32. Qxe4 Bxf5 33. Qf3
Bc5 34. Rf1 Be4 35. Qg3 f5 36. Rd1 b6 37. Bb4 f4 38. Qg4+ Kc7 39. Qe6 Bxb4 40.
cxb4 Qg7 41. Qd6+ Kb7 42. Qd7+ Qxd7 43. Rxd7+ Kc8 44. Re7 f3 45. gxf3 Bxf3+ 46.
Kg1 Kd8 47. Rxe5 Kd7 48. Kf2 Bd1 49. Ke3 Kd6 50. Re8 Bc2 51. h4 Kd5 52. Kd2 Bb1
53. Rb8 c5 54. Rxb6 cxb4 55. Rxb4 Bh7 56. Rb7 Bg6 57. Rg7 Be8 58. h5 Ke6 59. h6
Kf6 60. Ra7 1-0

[Event "Pardubice Open A"]
[Site "?"]
[Date "2015.07.29"]
[Round "6.75"]
[White "KUEGEL, Tobias"]
[Black "SREEVES, Clement"]
[Result "1/2-1/2"]
[WhiteElo "2207"]
[BlackElo "2333"]
[PlyCount "65"]
[EventDate "2015.??.??"]
[WhiteClock "0:08:53"]
[BlackClock "0:05:21"]

1. e4 e5 2. Nf3 Nc6 3. Bb5 a6 4. Bxc6 dxc6 5. O-O Bg4 6. h3 Bh5 7. g4 Bg6 8.
Nxe5 Qh4 9. Qf3 f6 10. Nxg6 hxg6 11. d3 g5 12. Kg2 Ne7 13. Rh1 Qh7 14. Qg3
O-O-O 15. f4 Ng6 16. f5 Nh4+ 17. Kf1 Bd6 18. Qf2 g6 19. Nd2 gxf5 20. exf5 Qf7
21. Ne4 Qd5 22. Qa7 Rh6 23. Be3 Re8 24. Qd4 Be5 25. Qxd5 cxd5 26. Nc5 Bxb2 27.
Rb1 Rxe3 28. Rxb2 b6 29. Ne6 Rg3 30. Ke2 Kd7 31. Rb3 Rg2+ 32. Kd1 Ng6 33. Rc3
1/2-1/2

[Event "Pardubice Open A"]
[Site "?"]
[Date "2015.07.29"]
[Round "6.76"]
[White "KLECKER, Tadeas"]
[Black "PARAMZINA, Anastasya"]
[Result "1/2-1/2"]
[WhiteElo "2206"]
[BlackElo "2328"]
[PlyCount "68"]
[EventDate "2015.??.??"]
[WhiteClock "0:10:18"]
[BlackClock "0:05:19"]

1. d4 d5 2. Nf3 Nf6 3. c4 e6 4. Nc3 Be7 5. Bg5 h6 6. Bh4 O-O 7. cxd5 Nxd5 8.
Bxe7 Qxe7 9. Nxd5 exd5 10. e3 b6 11. Bd3 c5 12. dxc5 bxc5 13. O-O Be6 14. Bb5
Qb7 15. Qe2 a6 16. Ba4 Nd7 17. Bxd7 Qxd7 18. Rac1 Rfc8 19. Rfd1 Qa4 20. Rd3
Rab8 21. b3 Qb5 22. Kf1 a5 23. Rdc3 Qb4 24. Ne5 Qe4 25. Nd3 c4 26. bxc4 dxc4
27. Nf4 Bd7 28. Qc2 Qe5 29. h4 a4 30. Kg1 g5 31. hxg5 hxg5 32. Ne2 Bf5 33. Qxa4
Bd3 34. Nd4 Ra8 1/2-1/2

[Event "Pardubice Open A"]
[Site "?"]
[Date "2015.07.29"]
[Round "6.77"]
[White "MAMMADZADA, Gunay"]
[Black "WIEBE, Patrick"]
[Result "1-0"]
[WhiteElo "2320"]
[BlackElo "2205"]
[PlyCount "123"]
[EventDate "2015.??.??"]
[WhiteClock "0:02:32"]
[BlackClock "0:03:26"]

1. e4 e6 2. d4 d5 3. Nd2 Nf6 4. e5 Nfd7 5. Bd3 c5 6. c3 Nc6 7. Ne2 cxd4 8. cxd4
f6 9. exf6 Nxf6 10. Nf3 Bd6 11. O-O Qc7 12. Bd2 O-O 13. Rc1 Bd7 14. Ng3 Qb6 15.
Bc3 Bf4 16. Ra1 Rae8 17. Ne5 Re7 18. a3 Bxe5 19. dxe5 Ne8 20. Qe2 Ref7 21. b4
a6 22. Rad1 g6 23. h4 Ne7 24. Bd2 Bb5 25. Be3 Bxd3 26. Rxd3 Qb5 27. Qd2 Ng7 28.
h5 Ngf5 29. Bg5 Qc4 30. f4 Rc8 31. hxg6 hxg6 32. Nxf5 Nxf5 33. g4 Ne7 34. Rh3
Qe4 35. Re1 Rc2 36. Rxe4 Rxd2 37. Ree3 d4 38. Re1 Rc2 39. Bf6 Kf8 40. Rh8+ Ng8
41. f5 gxf5 42. gxf5 d3 43. Rd1 d2 44. Kf2 exf5 45. Kf3 Rfc7 46. e6 R2c3+ 47.
Bxc3 Rxc3+ 48. Ke2 Kg7 49. Rdh1 Rg3 50. R1h7+ Kf6 51. Kxd2 Kxe6 52. Rxb7 Kd5
53. Rb6 a5 54. bxa5 Ne7 55. Rh7 Nc6 56. Rd7+ Kc5 57. Rc7 Rg6 58. a4 f4 59. Ke2
Kd5 60. Kf2 Rf6 61. a6 Kc5 62. a5 1-0

[Event "Pardubice Open A"]
[Site "?"]
[Date "2015.07.29"]
[Round "6.78"]
[White "SHILOV, Sergej"]
[Black "JANZELJ, Tim"]
[Result "0-1"]
[WhiteElo "2201"]
[BlackElo "2312"]
[PlyCount "80"]
[EventDate "2015.??.??"]
[WhiteClock "0:00:48"]
[BlackClock "0:00:52"]

1. c4 d6 2. d4 g6 3. Nc3 Bg7 4. e4 Nf6 5. Be2 O-O 6. Bg5 c5 7. dxc5 Qa5 8. Bd2
Qxc5 9. Be3 Qa5 10. Qd2 Ng4 11. Bxg4 Bxg4 12. Bd4 Bxd4 13. Qxd4 Nc6 14. Qd2 Ne5
15. b3 b5 16. f4 Nc6 17. cxb5 Nb4 18. Nf3 Bxf3 19. gxf3 Rfc8 20. Rc1 a6 21. b6
Qxb6 22. a3 Nc6 23. Nd5 Qa7 24. Rc4 Nd8 25. Qc3 Rxc4 26. Qxc4 Qb7 27. O-O e6
28. Nf6+ Kf8 29. Rc1 Qb6+ 30. Kg2 Qe3 31. Nd7+ Ke7 32. e5 Kxd7 33. Qa4+ Ke7 34.
Rc7+ Kf8 35. Qb4 Kg7 36. exd6 e5 37. d7 Qe2+ 38. Kg1 Qe3+ 39. Kg2 Ne6 40. d8=Q
Rxd8 0-1

[Event "Pardubice Open A"]
[Site "?"]
[Date "2015.07.29"]
[Round "6.79"]
[White "KOCHETKOVA, Julia"]
[Black "HOLTEL, Jasper"]
[Result "1-0"]
[WhiteElo "2309"]
[BlackElo "2177"]
[PlyCount "97"]
[EventDate "2015.??.??"]
[WhiteClock "0:31:54"]
[BlackClock "0:21:17"]

1. e4 c5 2. Nf3 d6 3. d4 cxd4 4. Nxd4 Nf6 5. Nc3 a6 6. Be2 e5 7. Nb3 Be7 8. O-O
Be6 9. Bf3 Nbd7 10. Re1 Rc8 11. a4 Nb6 12. Nd2 h6 13. Nf1 O-O 14. Ne3 Rc5 15.
Bd2 Qc8 16. Nf5 Bxf5 17. exf5 Nc4 18. Bc1 Rd8 19. b3 Nb6 20. Be3 Rxc3 21. Bxb6
Rd7 22. Ra2 Bd8 23. Be3 d5 24. Bd2 e4 25. Bxc3 Qxc3 26. Be2 Bb6 27. Rf1 Qe5 28.
b4 Qxf5 29. Ra3 d4 30. Rh3 Rd6 31. c4 d3 32. c5 dxe2 33. Qxe2 Bxc5 34. bxc5
Qxc5 35. Rb3 Qd4 36. Rxb7 Nd5 37. Qg4 Rg6 38. Qd7 Kh7 39. Qxf7 e3 40. Rb8 Rxg2+
41. Kxg2 Qg4+ 42. Kh1 e2 43. Re1 Nf4 44. Qg8+ Kg6 45. Qe8+ Kg5 46. Rg1 Qxg1+
47. Kxg1 Nh3+ 48. Kg2 Nf4+ 49. Kf3 1-0

[Event "Pardubice Open A"]
[Site "?"]
[Date "2015.07.29"]
[Round "6.80"]
[White "HAVELKA, Jan"]
[Black "TYMRAKIEWICZ, Rafal"]
[Result "0-1"]
[WhiteElo "2178"]
[BlackElo "2306"]
[PlyCount "166"]
[EventDate "2015.??.??"]
[WhiteClock "0:12:36"]
[BlackClock "0:03:51"]

1. d4 c5 2. e4 cxd4 3. c3 d3 4. Bxd3 Nc6 5. Nf3 g6 6. O-O Bg7 7. Qe2 d6 8. h3
Nf6 9. c4 O-O 10. Nc3 Nd7 11. Be3 Qa5 12. Rac1 Nc5 13. Bb1 Na4 14. Nxa4 Qxa4
15. c5 dxc5 16. Bxc5 b6 17. Ba3 Bb7 18. Bd3 Rfc8 19. Rc4 Qa5 20. Rfc1 Ne5 21.
Nxe5 Bxe5 22. Bxe7 Qxa2 23. Ba3 Ba6 24. g3 Rd8 25. R4c3 Bxd3 26. Rxd3 Rxd3 27.
Qxd3 Bxb2 28. Bxb2 Qxb2 29. Rc7 Qf6 30. e5 Qxe5 31. Rxf7 Kxf7 32. Qf3+ Qf5 33.
Qxa8 Qd7 34. Qh8 Ke6 35. Qg8+ Kd6 36. f4 b5 37. Kf2 Kc5 38. Qf8+ Kb6 39. g4
Qd4+ 40. Kg2 b4 41. f5 Qe4+ 42. Kg1 gxf5 43. Qb8+ Kc6 44. Qc8+ Kd5 45. gxf5
Qe3+ 46. Kg2 b3 47. Qd7+ Kc4 48. Qc6+ Kd4 49. f6 Qe2+ 50. Kg3 b2 51. Qd7+ Kc3
52. Qc7+ Kd2 53. Qa5+ Kd1 54. Qd5+ Qd2 55. Qxd2+ Kxd2 56. f7 b1=Q 57. f8=Q Qd3+
58. Kg4 a6 59. Qb4+ Kc2 60. Qa4+ Kc3 61. Qa3+ Kd4 62. Qd6+ Kc3 63. Qa3+ Kc2 64.
Qa2+ Kd1 65. Qa1+ Kd2 66. h4 Qe4+ 67. Kg5 Qg2+ 68. Kf4 Qf2+ 69. Kg4 Qg2+ 70.
Kf4 Qg6 71. Qa2+ Kd3 72. Qb1+ Kc4 73. Qxg6 hxg6 74. Kg5 a5 75. Kxg6 a4 76. h5
a3 77. h6 a2 78. Kg7 a1=Q+ 79. Kg8 Qg1+ 80. Kh8 Qd4+ 81. Kg8 Qg4+ 82. Kh8 Qf5
83. Kg7 Qg5+ 0-1

[Event "Pardubice Open A"]
[Site "?"]
[Date "2015.07.29"]
[Round "6.81"]
[White "JEDLICKA, Ales"]
[Black "PETR, Jan"]
[Result "1-0"]
[WhiteElo "2299"]
[BlackElo "2134"]
[PlyCount "87"]
[EventDate "2015.??.??"]
[WhiteClock "0:21:34"]
[BlackClock "0:05:40"]

1. d4 d5 2. c4 dxc4 3. Nf3 Nf6 4. e3 e6 5. Bxc4 c5 6. Qe2 a6 7. dxc5 Bxc5 8.
O-O Nc6 9. e4 b5 10. Bb3 Qb6 11. Nc3 Bb7 12. Bg5 h6 13. Bxf6 gxf6 14. Rad1 Kf8
15. Kh1 Rd8 16. Rxd8+ Qxd8 17. Nh4 b4 18. Qh5 f5 19. Na4 Bd4 20. Nxf5 Qg5 21.
Qxg5 hxg5 22. Nxd4 Nxd4 23. Nc5 Nxb3 24. axb3 Bc6 25. Ra1 Kg7 26. Rxa6 Rc8 27.
Ra1 Rd8 28. f3 Rd2 29. Kg1 g4 30. fxg4 Rxb2 31. Ra6 Bb5 32. Rb6 Be2 33. h3 Rc2
34. Na4 Bd3 35. Rxb4 f5 36. gxf5 exf5 37. exf5 Bxf5 38. Rc4 Ra2 39. Nc5 Bg6 40.
b4 Bf7 41. Rg4+ Kf6 42. Ne4+ Ke5 43. Ng5 Bd5 44. Nf3+ 1-0

[Event "Pardubice Open A"]
[Site "?"]
[Date "2015.07.29"]
[Round "6.82"]
[White "HANSEN, Mads"]
[Black "STEFANOV, Emil"]
[Result "1-0"]
[WhiteElo "2296"]
[BlackElo "2088"]
[PlyCount "133"]
[EventDate "2015.??.??"]
[WhiteClock "0:01:53"]
[BlackClock "0:00:39"]

1. e4 g6 2. d4 Bg7 3. Nc3 c6 4. g3 d5 5. e5 f6 6. f4 Nh6 7. Bg2 O-O 8. Nf3 Bg4
9. O-O Nd7 10. Be3 e6 11. Qd3 Bxf3 12. Bxf3 fxe5 13. dxe5 Nf5 14. Bg4 Qe7 15.
Bf2 g5 16. Bh3 Kh8 17. Kh1 a6 18. Ne2 c5 19. c4 d4 20. b3 a5 21. Qe4 gxf4 22.
gxf4 Nb8 23. Rg1 Nc6 24. Rg4 Rg8 25. Rag1 Qf7 26. Rg5 Bh6 27. Rxg8+ Rxg8 28.
Rxg8+ Kxg8 29. Nc1 Qh5 30. Qg2+ Qg6 31. Nd3 Bf8 32. Bg4 Ng7 33. Qf3 Be7 34. Bh3
Nf5 35. Qe2 Kf8 36. Bg2 Nd8 37. Be4 Qf7 38. Qf3 b6 39. Qg4 Qg6 40. Qf3 Qe8 41.
Nb2 Nf7 42. Kg1 Kg8 43. Qg4+ Kh8 44. Kf1 N7h6 45. Qf3 Qg8 46. h3 Bh4 47. Bxf5
Bxf2 48. Bg4 Be3 49. Ke2 Nf5 50. Nd3 Ne7 51. Qe4 Nf5 52. Qb7 Nh6 53. Kf3 Qd8
54. Bxe6 Qh4 55. Qc8+ Kg7 56. Qd7+ Kh8 57. Qe8+ Kg7 58. Ke4 Bd2 59. Bg4 Nxg4
60. Qd7+ Kh8 61. Qxg4 Qd8 62. Qe6 Qa8+ 63. Qd5 Qe8 64. e6 Qg6+ 65. Qf5 Qg2+ 66.
Ke5 Qb7 67. Qf8# 1-0

[Event "Pardubice Open A"]
[Site "Pardubice (CZE)"]
[Date "2015.07.29"]
[Round "6.83"]
[White "MITUROVA, Magdalena"]
[Black "MANN, Johannes"]
[Result "1-0"]
[WhiteElo "2149"]
[BlackElo "2295"]
[PlyCount "53"]
[EventDate "2015.07.24"]

1. e4 c5 2. Nf3 d6 3. d4 cxd4 4. Nxd4 Nf6 5. Nc3 a6 6. Be2 e5 7. Nb3 Be7 8. Bg5
Be6 9. Bxf6 Bxf6 10. Qd3 Nc6 11. O-O-O Be7 12. Kb1 Qd7 13. a3 Rd8 14. Nd5 O-O
15. h3 Rfe8 16. Qg3 b5 17. h4 Kh8 18. Qf3 Bf8 19. g4 Rb8 20. h5 a5 21. h6 Qd8
22. hxg7+ Bxg7 23. g5 a4 24. Nf6 h6 25. Rxh6+ Bxh6 26. Qh5 axb3 27. Qxh6# 1-0

[Event "Pardubice Open A"]
[Site "Pardubice (CZE)"]
[Date "2015.07.29"]
[Round "6.84"]
[White "BERNOTAS, Arturs"]
[Black "MITSIS, Georgios"]
[Result "1/2-1/2"]
[WhiteElo "2292"]
[BlackElo "1963"]
[PlyCount "96"]
[EventDate "2015.07.24"]

1. e4 e6 2. c4 c5 3. Nf3 Nc6 4. Nc3 Nge7 5. d4 cxd4 6. Nxd4 Nxd4 7. Qxd4 Nc6 8.
Qd3 Bc5 9. Be2 O-O 10. O-O a6 11. a3 Nd4 12. Bd1 d6 13. b4 Ba7 14. Be3 e5 15.
f4 Bd7 16. Ne2 Nxe2+ 17. Bxe2 Bxe3+ 18. Qxe3 exf4 19. Qxf4 Qe7 20. Rad1 Bc6 21.
Rd4 Rfe8 22. Bf3 Qe5 23. Qd2 Re6 24. Rd1 Ba4 25. Rf1 Bc6 26. Rd1 Ba4 27. Rb1
Be8 28. Rd5 Qf6 29. Rd1 Ba4 30. Rf1 Qe7 31. Qf4 Bc6 32. Rd4 Re8 33. Rfd1 Ba4
34. R1d2 Bb3 35. Qe3 Ba4 36. Qd3 f5 37. Re2 Bc6 38. Qb3 Kh8 39. h3 Bxe4 40. Rf2
Bxf3 41. Qxf3 Re1+ 42. Kh2 g6 43. Qf4 Ra1 44. Rxd6 Qe1 45. Qd4+ Kg8 46. Qd5+
Kh8 47. Qd4+ Kg8 48. Qd5+ Kh8 1/2-1/2

[Event "Pardubice Open A"]
[Site "Pardubice (CZE)"]
[Date "2015.07.29"]
[Round "6.85"]
[White "TOPORKOVA, Sofia"]
[Black "RIETZE, Clemens"]
[Result "0-1"]
[WhiteElo "1953"]
[BlackElo "2289"]
[PlyCount "46"]
[EventDate "2015.07.24"]

1. d4 Nf6 2. c4 g6 3. f3 d5 4. cxd5 Nxd5 5. e4 Nb6 6. Nc3 Bg7 7. Be3 Nc6 8. Qd2
Nxd4 9. O-O-O c5 10. Qf2 Be5 11. Bb5+ Nd7 12. g4 a6 13. Bc4 b5 14. Bd5 Ra7 15.
h4 Nb6 16. Re1 b4 17. Nce2 Nxd5 18. exd5 Qxd5 19. Nxd4 cxd4 20. Bxd4 Rc7+ 21.
Kb1 Be6 22. b3 Qxd4 23. Qh2 Qd3+ 0-1

[Event "Pardubice Open A"]
[Site "Pardubice (CZE)"]
[Date "2015.07.29"]
[Round "6.86"]
[White "MACHAN, Jan"]
[Black "SMAGIN, Nikita"]
[Result "1-0"]
[WhiteElo "2286"]
[BlackElo "2104"]
[PlyCount "161"]
[EventDate "2015.07.24"]

1. d4 g6 2. Nf3 Bg7 3. c4 d6 4. Nc3 e5 5. dxe5 dxe5 6. Qxd8+ Kxd8 7. Bg5+ f6 8.
O-O-O+ Nd7 9. Be3 c6 10. Bc5 Nh6 11. h3 Nf7 12. e3 Kc7 13. Ba3 Bf8 14. Bxf8
Rxf8 15. h4 h5 16. Ne4 Nh6 17. Be2 Ng4 18. Nh2 f5 19. Ng5 Ndf6 20. Nxg4 Nxg4
21. Bxg4 fxg4 22. f3 Bd7 23. c5 gxf3 24. gxf3 Rf5 25. e4 Rf4 26. Rd6 Rg8 27.
Kd2 Bc8 28. Ke3 Rff8 29. b4 Rd8 30. Rhd1 Rdf8 31. Ne6+ Bxe6 32. Rxe6 g5 33.
Rxe5 gxh4 34. Rxh5 Rg3 35. Rh7+ Kc8 36. Rf1 Rh3 37. Rf2 Kb8 38. a4 b6 39. cxb6
axb6 40. Rh6 Kb7 41. Rh7+ Ka6 42. e5 c5 43. bxc5 bxc5 44. Ke4 Ka5 45. f4 Kxa4
46. Rf3 Rxf3 47. Kxf3 c4 48. Rxh4 c3 49. Ke4 Rc8 50. Rh1 c2 51. Rc1 Kb3 52. f5
Kb2 53. Rxc2+ Rxc2 54. e6 Kc3 55. f6 Kc4 56. e7 Re2+ 57. Kf5 Kd5 58. f7 Re5+
59. Kf4 Re4+ 60. Kf3 Rxe7 61. f8=Q Re5 62. Qf6 Re6 63. Qc3 Re5 64. Kf4 Re4+ 65.
Kf5 Rd4 66. Qc7 Rd3 67. Qe5+ Kc4 68. Ke4 Rc3 69. Qd5+ Kb4 70. Kd4 Rb3 71. Qc5+
Ka4 72. Qa7+ Kb4 73. Qa6 Rb2 74. Qb6+ Ka3 75. Qa5+ Kb3 76. Kd3 Rb1 77. Qb5+ Ka2
78. Qa4+ Kb2 79. Kd2 Ra1 80. Qc2+ Ka3 81. Kc3 1-0

[Event "Pardubice Open A"]
[Site "Pardubice (CZE)"]
[Date "2015.07.29"]
[Round "6.87"]
[White "PANAGIOTAKOS, Nikolaos"]
[Black "GIANNOULAKIS, Labros"]
[Result "0-1"]
[WhiteElo "2121"]
[BlackElo "2283"]
[PlyCount "64"]
[EventDate "2015.07.24"]

1. e4 c5 2. Nc3 Nc6 3. Nf3 d6 4. d4 cxd4 5. Nxd4 Nf6 6. Be2 e6 7. Be3 Be7 8. f4
Qc7 9. O-O O-O 10. Kh1 Nxd4 11. Qxd4 e5 12. Qd3 b6 13. Rad1 Bb7 14. Bf3 Rac8
15. Rf2 Qc4 16. Rfd2 h6 17. Qxc4 Rxc4 18. fxe5 dxe5 19. Rd7 Nxd7 20. Rxd7 Bg5
21. Be2 Bc8 22. Rxa7 Rxc3 23. Bxg5 Rxc2 24. Bd3 Rxb2 25. Be7 Rd2 26. Bf1 Rd1
27. Kg1 Be6 28. Rc7 Rc8 29. Rxc8+ Bxc8 30. Kf2 Rd2+ 31. Kf3 Rxa2 32. Bd6 Ba6
0-1

[Event "Pardubice Open A"]
[Site "Pardubice (CZE)"]
[Date "2015.07.29"]
[Round "6.88"]
[White "GOKERKAN, Cem Kaan"]
[Black "BLAHYNKA, Martin"]
[Result "1/2-1/2"]
[WhiteElo "2205"]
[BlackElo "2420"]
[PlyCount "143"]
[EventDate "2015.07.24"]

1. e4 Nc6 2. Nf3 d6 3. d4 Nf6 4. Nc3 Bg4 5. Be2 e6 6. h3 Bh5 7. d5 exd5 8. exd5
Bxf3 9. Bxf3 Ne5 10. Be2 Be7 11. Be3 O-O 12. O-O Re8 13. Qd2 Nfd7 14. Ne4 Bh4
15. b3 Ng6 16. Bd3 Nde5 17. Bb5 Re7 18. Ng3 a6 19. Bd3 Bxg3 20. fxg3 Nxd3 21.
Qxd3 Qe8 22. Rae1 Ne5 23. Qd2 f6 24. g4 h6 25. c4 Qg6 26. c5 Qd3 27. cxd6 cxd6
28. Bxh6 Rc7 29. Qxd3 Nxd3 30. Rd1 Nb4 31. a3 Nc2 32. Bf4 Rd7 33. a4 a5 34. Rd2
Nb4 35. Re1 Na6 36. Re6 Nc5 37. Re3 b5 38. Rd4 bxa4 39. bxa4 Rb8 40. Rc3 Rb4
41. Be3 Re7 42. Bf2 Re2 43. Rdc4 Ne4 44. Rxb4 axb4 45. Rc8+ Kh7 46. Bd4 Ra2 47.
Ra8 Rd2 48. Be3 Rd3 49. Ba7 b3 50. Rb8 Nd2 51. Rb4 Nc4 52. Rxc4 b2 53. Rb4 Rd1+
54. Kf2 b1=Q 55. Rxb1 Rxb1 56. a5 Rb5 57. Bb6 Rxd5 58. a6 Rd3 59. a7 Ra3 60.
Be3 d5 61. Bc5 Ra4 62. Ke3 Kg6 63. h4 Kf7 64. Bd4 Ke6 65. h5 Kd7 66. g5 Ke6 67.
h6 gxh6 68. gxf6 h5 69. g3 Kf7 70. Kf3 Kg6 71. Kg2 Kf7 72. Kf3 1/2-1/2

[Event "Pardubice Open A"]
[Site "Pardubice (CZE)"]
[Date "2015.07.29"]
[Round "6.89"]
[White "MUELLER, Ralf"]
[Black "UTIATSKAJA, Irina"]
[Result "1/2-1/2"]
[WhiteElo "2384"]
[BlackElo "2200"]
[PlyCount "73"]
[EventDate "2015.07.24"]

1. d4 Nf6 2. Nf3 g6 3. c4 Bg7 4. Nc3 O-O 5. e4 d6 6. Be2 e5 7. Be3 exd4 8. Nxd4
Re8 9. f3 c6 10. O-O d5 11. cxd5 Nxd5 12. Nxd5 cxd5 13. Rc1 Nc6 14. Nxc6 bxc6
15. Rxc6 Bb7 16. Rc2 dxe4 17. Qxd8 Raxd8 18. f4 Bd4 19. Kf2 Re7 20. Rd1 Bxe3+
21. Kxe3 Rxd1 22. Bxd1 Ba6 23. Rc5 Kg7 24. Bc2 f5 25. b4 Bf1 26. g4 Kf6 27. g5+
Kg7 28. Bb3 a6 29. Bd5 Bb5 30. h4 Rd7 31. Kd4 h6 32. Ke3 Kh7 33. Kd4 Kg7 34.
Rc3 hxg5 35. hxg5 Kf8 36. Rc5 Kg7 37. Ke3 1/2-1/2

[Event "Pardubice Open A"]
[Site "Pardubice (CZE)"]
[Date "2015.07.29"]
[Round "6.90"]
[White "KASSANI, Sam"]
[Black "CAMARENA GIMENEZ, Rufino"]
[Result "0-1"]
[WhiteElo "2194"]
[BlackElo "2378"]
[PlyCount "122"]
[EventDate "2015.07.24"]

1. Nf3 Nf6 2. d4 g6 3. Bf4 Bg7 4. e3 O-O 5. Be2 c5 6. c3 b6 7. O-O Bb7 8. h3 d6
9. Nbd2 Nbd7 10. Bh2 a6 11. a4 Bc6 12. b4 cxb4 13. cxb4 b5 14. a5 Qb8 15. Qb3
Qb7 16. Rfc1 Rfc8 17. Bf1 Bh6 18. Qb2 Rc7 19. Ne1 Rac8 20. Nd3 Ne4 21. Bf4 Bg7
22. Nxe4 Bxe4 23. Ne1 Qa7 24. Rxc7 Rxc7 25. Bd3 Bxd3 26. Nxd3 Rc4 27. Qd2 Qc7
28. Rc1 Nf6 29. Rxc4 bxc4 30. Nc1 Nd5 31. Na2 c3 32. Qd3 Qc6 33. Bg5 c2 34. e4
Nf6 35. Nc3 Ne8 36. Be3 Nc7 37. Kh2 h5 38. Bd2 e6 39. Qxc2 Bxd4 40. Qd3 Bxf2
41. Bf4 d5 42. Be5 h4 43. Ne2 dxe4 44. Qd8+ Ne8 45. Nd4 Bxd4 46. Qxd4 Kf8 47.
Qb6 Qd5 48. Bb8 Nf6 49. Bd6+ Kg7 50. Qd8 Ne8 51. Be7 Qxd8 52. Bxd8 Nd6 53. Bxh4
f6 54. Bf2 e5 55. Bc5 Nb5 56. g4 f5 57. g5 Kf7 58. h4 Ke6 59. Kg2 f4 60. Bf8
Kf5 61. Bg7 e3 0-1

[Event "Pardubice Open A"]
[Site "?"]
[Date "2015.07.30"]
[Round "7.1"]
[White "LAZNICKA, Viktor"]
[Black "GHOSH, Diptayan"]
[Result "1/2-1/2"]
[WhiteElo "2657"]
[BlackElo "2523"]
[PlyCount "43"]
[EventDate "2015.??.??"]
[WhiteClock "0:13:57"]
[BlackClock "0:45:44"]

1. d4 Nf6 2. c4 g6 3. Nc3 d5 4. cxd5 Nxd5 5. e4 Nxc3 6. bxc3 Bg7 7. Bc4 c5 8.
Ne2 O-O 9. O-O Nc6 10. Be3 Bg4 11. f3 Bd7 12. Rb1 Qc7 13. Qd2 Rad8 14. Rfc1 Bc8
15. Bb5 Na5 16. Nf4 e6 17. Bf1 b6 18. Qf2 cxd4 19. cxd4 Qe7 20. e5 Bb7 21. h4
f6 22. exf6 1/2-1/2

[Event "Pardubice Open A"]
[Site "?"]
[Date "2015.07.30"]
[Round "7.2"]
[White "MOVSESIAN, Sergei"]
[Black "DAS, Sayantan"]
[Result "1-0"]
[WhiteElo "2653"]
[BlackElo "2444"]
[PlyCount "79"]
[EventDate "2015.??.??"]
[WhiteClock "0:27:41"]
[BlackClock "0:01:34"]

1. Nf3 Nf6 2. g3 g6 3. c4 Bg7 4. Bg2 O-O 5. O-O d6 6. Nc3 e5 7. d4 Nbd7 8. h3
Re8 9. e4 exd4 10. Nxd4 Nc5 11. Re1 Bd7 12. Kh2 a5 13. f3 a4 14. Be3 c6 15. Qd2
Qc7 16. Rad1 Rad8 17. Bh6 Bxh6 18. Qxh6 Qb6 19. Qd2 Kg7 20. Nc2 Be6 21. Ne3 Qa5
22. Qd4 Bc8 23. Re2 h5 24. h4 Ne6 25. Qd2 Nc7 26. Qc1 Be6 27. Red2 Qc5 28. Rd4
a3 29. b3 b5 30. b4 Qxb4 31. e5 dxe5 32. Rxd8 Rxd8 33. Rxd8 bxc4 34. Rd2 Nfd5
35. Ncd1 c3 36. Rd3 Nb5 37. Nxd5 cxd5 38. Nxc3 Bf5 39. Nxd5 Qb2 40. Rd1 1-0

[Event "Pardubice Open A"]
[Site "?"]
[Date "2015.07.30"]
[Round "7.3"]
[White "CVEK, Robert"]
[Black "DEAC, Bogdan-Daniel"]
[Result "1/2-1/2"]
[WhiteElo "2517"]
[BlackElo "2443"]
[PlyCount "145"]
[EventDate "2015.??.??"]
[WhiteClock "0:03:54"]
[BlackClock "0:02:32"]

1. d4 d6 2. Nf3 g6 3. c4 Bg7 4. e4 Nf6 5. Nc3 O-O 6. Be2 e5 7. O-O Qe8 8. dxe5
dxe5 9. b3 Qe7 10. Nd5 Nxd5 11. cxd5 c6 12. Bg5 Bf6 13. d6 Qd8 14. Qd2 Bg4 15.
Bh6 Re8 16. h3 Bxf3 17. Bxf3 Bg7 18. Bg5 Bf6 19. Be3 Nd7 20. Rfd1 Nf8 21. Qb4
Qd7 22. Bg4 Ne6 23. Rd3 h5 24. Bxe6 Rxe6 25. Qa3 Bd8 26. Rad1 a6 27. b4 Rc8 28.
Qb3 Bf6 29. Bb6 Bd8 30. Bxd8 Rxd8 31. Qc4 Kg7 32. Qc5 Ree8 33. a4 Qe6 34. b5
axb5 35. axb5 Qd7 36. bxc6 bxc6 37. Ra1 Qb7 38. Kh2 Re6 39. Rad1 Rd7 40. R1d2
Qb5 41. Qc3 c5 42. Rd5 Qb4 43. Qxc5 Qxe4 44. Qb5 Rd8 45. d7 Qf4+ 46. Kg1 e4 47.
Rd1 e3 48. fxe3 Qxe3+ 49. Kh1 Qc3 50. Qf1 Qf6 51. Qg1 Qb2 52. R5d2 Qb6 53. Rd4
Rf6 54. Qe1 Re6 55. Qc3 Kh7 56. Qd2 Re7 57. Qg5 Qe6 58. Qb5 Qf6 59. Rd5 Qf2 60.
Rf1 Re1 61. Rxe1 Qxe1+ 62. Kh2 h4 63. Qd3 Kg8 64. Qf3 Kf8 65. Qf4 Qg3+ 66. Qxg3
hxg3+ 67. Kxg3 Ke7 68. Kf4 f6 69. h4 Rxd7 70. Rxd7+ Kxd7 71. g4 Ke6 72. h5 gxh5
73. gxh5 1/2-1/2

[Event "Pardubice Open A"]
[Site "?"]
[Date "2015.07.30"]
[Round "7.4"]
[White "RAZNIKOV, Danny"]
[Black "KONGUVEL, Ponnuswamy"]
[Result "1/2-1/2"]
[WhiteElo "2500"]
[BlackElo "2337"]
[PlyCount "101"]
[EventDate "2015.??.??"]
[WhiteClock "0:15:20"]
[BlackClock "0:23:53"]

1. d4 Nf6 2. c4 g6 3. Nc3 Bg7 4. e4 d6 5. Nf3 O-O 6. h3 e5 7. d5 Nh5 8. Nh2 Qe8
9. Be2 Nf4 10. Bf3 f5 11. g3 Nxh3 12. Bg2 fxe4 13. Be3 Na6 14. Nxe4 Bf5 15. Qe2
Nb4 16. a3 Qa4 17. Rc1 Nxd5 18. cxd5 Bxe4 19. Rc4 Qxc4 20. Qxc4 Bxg2 21. Rf1
Rf7 22. f3 h6 23. Qc2 Bxf1 24. Kxf1 Ng5 25. Bxg5 hxg5 26. Qxg6 e4 27. Qxe4 Bxb2
28. Qg6+ Rg7 29. Qe6+ Rf7 30. Ng4 Bg7 31. Nf2 Kf8 32. Qg4 Kg8 33. Nh3 Rxf3+ 34.
Qxf3 Rf8 35. Nf4 gxf4 36. gxf4 b6 37. Qe4 Rf7 38. Ke2 Kf8 39. Kd3 Bh6 40. f5
Bg5 41. Qg4 Bf6 42. Qc4 a5 43. a4 Be5 44. Qa6 Kg7 45. Ke4 Bf6 46. Qc8 Re7+ 47.
Kf3 Kf7 48. Qb7 Kg7 49. Qc6 Kf8 50. Qc1 Rh7 51. Qc6 1/2-1/2